00170nam a2200073Ia 4500008004100000100001100041245002700052260001700079170817s9999 xx 000 0 und d aSHARMA 0aHINDHI BHASHA SHIKSHAN bH.P. BHARGAV